Теоретические и прикладные проблемы борьбы с общественно опасными посягательствами средствами уголовного права (Запис № 411299)

МАРК-запис
000 -Лідер
fixed length control field 02245nam a22002777a 4500
003 - Ідентифікатор контрольного номера
control field UA-OsUOA
001 - Контрольний номер
control field 124073
007 - Фіксоване поле фізичного опису
fixed length control field ta
008 - Елементи даних фіксованої довжини – загальна інформація
fixed length control field 20170724b un ||||| |||| 00| 0 ukr d
090 ## - Локальний шифр розміщення
Класифікаційний індекс УДК 343.2/.7(470+571)
Авторський знак (НП) П32
040 ## - Джерело каталогізації
Агенція оригінальної каталогізації UA-OsUOA
Мова каталогізації rus
Агенція, яка здійснювала перезапис UA-OsUOA
Агенція, яка здійснювала модифікацію UA-OsUOA
041 ## - Код мови
Код мови тексту/ звукової доріжки чи окремого заголовка (П) rus
080 ## - Індекс Універсальної десяткової класифікації
Індекс Універсальної десяткової класифікації (УДК) (НП) 343.2/.7(470+571)
020 ## - Міжнародний стандартний книжковий номер (ISBN)
Міжнародний стандартний книжковий номер (ISBN) (НП) 978-5-93295-290-0
100 ## - Основне введення – ім’я особи
Ім’я особи (НП) Пимонов В. А.
245 ## - Відомості про назву
Назва (НП) Теоретические и прикладные проблемы борьбы с общественно опасными посягательствами средствами уголовного права
Решта назви (НП) монография
260 ## - Публікація, розповсюдження і т.п. (Вихідні дані)
Місце публікації, розповсюдження і т.п. (П) М.
Ім’я/ наймення видавництва, розповсюджувача і т.п. (П) Юрлитинформ
Дата публікації, розповсюдження і т.п. (П) 2007
300 ## - Фізичний опис
Обсяг 336 с.
520 3# - Резюме і т.п.
Резюме, реферат, анотація, тощо (НП) В монографии рассматриваются проблемы криминологической и социальной обоснованности борьбы с деяниями, предусмотренными УК РФ, не содержащими всех признаков состава преступления, но причиняющими либо создающими угрозу причинения реального вреда охра
520 3# - Резюме і т.п.
Резюме, реферат, анотація, тощо (НП) няемым уголовным законом интересам. Содержатся конкретные рекомендации по совершенствованию ряда норм действующего УК РФ. При этом автор стремился в максимальной степени использовать собственный опыт работы в качестве офицера ОВД. Монография окажется п
520 3# - Резюме і т.п.
Резюме, реферат, анотація, тощо (НП) олезной в научном, а также в учебном процессе при преподавании курсов «Уголовное право», «Криминология», а также ряда спецкурсов. Рассчитана на широкий круг читателей, интересующихся проблемами уголовно-правовой науки.
650 #7 - Додаткове предметне введення – тематичний термін
Тематичний термін чи географічна назва, як елемент введення (НП) 343 Кримінальне право. Карні порушення
Джерело заголовка чи терміна UDC
942 ## - Додаткові елементи входу (Коха)
Тип елемента Koha Книги
955 ## - Код типу видання за змістом
Код типу видання за змістом (НП) Наукові видання
Фонди
Стан вилучень Стан втрат Джерело класифікації або схеми стелажів Стан уражень Не для кредиту Код колекції Постійне місце розташування Поточне розміщення Дата придбання Джерело придбання Вартість, звичайна ціна покупки Інвентарний номер Повний номер виклику Штрих-код Дата останнього перегляду Ціна ефективна від Тип елемента Koha Примітка, призначена для загального доступу
    Universal Decimal Classification     Колекція Бауліна Ю.В. ЧЗ - Читальна зала ЧЗ - Читальна зала 24/07/2017 31/2017 23.00 154180 343.2/.7(470+571) П32 154180 11/02/2022 24/07/2017 Книги з автографом В. Пимонова